| 000 | 01139nam0a22002771 4500 | ||
|---|---|---|---|
| 001 | rc\310538 | ||
| 005 | 20030307122026.3 | ||
| 010 |
_a5-343-00492-X _9900 |
||
| 035 | _a(NLR Aleph) 005545439 | ||
| 090 |
_a5754677 _c5754677 |
||
| 100 | _a20030307d1990 u |0rusy50 ca | ||
| 101 | 0 | _arus | |
| 102 | _aRU | ||
| 105 | _aa ||||||||| | ||
| 200 | 1 |
_aОбщественное мнение рабочего класса в условиях перестройки _f[Г.Н. Соколова, Т.А. Поршнева, А.М. Шибалис и др.] _gНауч. ред. Г.Н. Соколова _gАН БССР. Ин-т социол. |
|
| 210 |
_aМинск _cНавука i тэхнiка _d1990 |
||
| 215 |
_a174, [2] с. _cил. _d22 |
||
| 300 | _aАвт. указаны на обороте тит. л. | ||
| 320 | _aБиблиогр.: с. 170-175 (186 назв.) | ||
| 701 | 1 |
_aСоколова _bГ. Н. _gГалина Николаевна |
|
| 712 | 0 | 2 |
_aИнститут социологии _cМинск _3RU\NLR\AUTH\889999508 |
| 801 | 0 |
_aRU _bNLR _gpsbo |
|
| 801 | 1 |
_aRU _bELAR _2rusmarc |
|
| 852 |
_aNLR _j90-3/13523 |
||
| 942 | _cBOOK | ||
| 980 | _aNB | ||